La detención por flagrancia en el nuevo proceso penal: doctrina y jurisprudencia

Guardat en:
Dades bibliogràfiques
Autor principal: Cisterna Pino, Adolfo (Autor)
Format: Llibre
Idioma:espanyol
Publicat: Santiago Librotecnia 2004
Edició:1a. ed
Matèries:
Etiquetes: Afegir etiqueta
Sense etiquetes, Sigues el primer a etiquetar aquest registre!

MARC

LEADER 00000nam a2200000 a 4500
001 UCL8650
003 CL-VaPUC
008 040702e20040000CL |||||||||||||||||spa|d
020 |a 9567950132 
082 0 4 |a 345.8305  |b CIS  |2 21 
100 0 |a Cisterna Pino, Adolfo  |e author  |9 486601 
245 1 3 |a La detención por flagrancia en el nuevo proceso penal: doctrina y jurisprudencia 
250 |a 1a. ed 
300 |a 233 p 
942 |c BK 
945 |d 20040702 00:00:00  |a cmena 
260 |a Santiago  |b Librotecnia  |c 2004 
650 0 |a Derecho procesal penal   |9 256392 
650 0 |a Reforma procesal penal   |9 471095 
650 7 |a DERECHO PENAL CHILENO  |2 CL-VaPUC  |9 486602 
650 0 |a Delitos  |9 224143 
650 7 |a DETENCION  |2 CL-VaPUC  |9 351076 
650 0 |a Jurisprudencia  |9 255952 
583 |a last modification  |c 20040702 00:00:00  |k Rodrigo Vera 
999 |c 309850  |d 309848 
952 |0 0  |1 0  |4 0  |6 345_830500000000000_CIS_2004  |7 0  |8 A  |9 377629  |a BIBDER  |b BIBDER  |d 2019-11-21  |i 4032772  |o 345.8305 CIS 2004  |p 4032772  |r 2023-01-25  |w 2019-11-21  |y BK  |k DER